| 000 | 00764nam a2200253Ia 4500 | ||
|---|---|---|---|
| 003 | OSt | ||
| 005 | 20221005043656.0 | ||
| 006 | a|||||r|||| 00| 0 | ||
| 007 | ta | ||
| 008 | 221004b |||||||| |||| 00| 0 eng d | ||
| 020 |
_a9780140107814 (pbk) _cIndian Rupees 399 |
||
| 024 | _a38893 | ||
| 037 |
_bGift, 29/08/2018, _cTextual |
||
| 040 |
_aCRL _cCRL _beng |
||
| 041 |
_2eng _aeng |
||
| 082 | _aV2:51.N5, M9 | ||
| 100 | _aChandra Bipan Au. | ||
| 245 | 0 | _aIndia's struggle for independence 1857-1947 | |
| 260 |
_aGurgaon _bPenguin Books India _c1989 |
||
| 300 |
_a600p. _ccm. |
||
| 650 |
_aINDIA - HISTORY - FREEDOM STRUGGLE _922401 |
||
| 942 |
_hV2:51.N5, M9 _cTEXL _2cc |
||
| 999 |
_c952245 _d952245 |
||